000 00326nam a22001337a 4500
008 181023b xxu||||| |||| 00| 0 eng d
020 _a9781133942733
041 _aeng
080 _22nd
_a371
100 _a46
101 _aEDU
245 _aMindspaces Critical Reading Skills and Strategies
_cCarter,Ch.E
942 _2udc
_cBK
999 _c50722
_d50722